Colección de problemas de matemáticas y física / (Record no. 127945)

MARC details
000 -LEADER
campo de control de longitud fija 00700nam a2200229 4500
001 - NÚMERO DE CONTROL
campo de control 127945
003 - IDENTIFICADOR DE NÚMERO DE CONTROL
campo de control ES-MaACL
005 - FECHA Y HORA DE LA ÚLTIMA TRANSACCIÓN
campo de control 20251001145426.0
007 - CAMPO FIJO DE DESCRIPCIÓN FÍSICA--INFORMACIÓN GENERAL
campo de control de longitud fija t|
008 - DATOS DE LONGITUD FIJA--INFORMACIÓN GENERAL
campo de control de longitud fija 070214s1968 sp r ||||1| spa d
080 ## - NÚMERO DE LA CLASIFICACIÓN DECIMAL UNIVERSAL
Número de la Clasificación Decimal Universal 53(076)
080 ## - NÚMERO DE LA CLASIFICACIÓN DECIMAL UNIVERSAL
Número de la Clasificación Decimal Universal 51(076)
100 1# - ENTRADA PRINCIPAL--NOMBRE DE PERSONA
Nombre de persona Río, José María.
9 (RLIN) 97305
245 10 - MENCIÓN DEL TÍTULO
Título Colección de problemas de matemáticas y física /
Mención de responsabilidad, etc. José María Río, Sixto Ríos.
260 ## - PUBLICACIÓN, DISTRIBUCIÓN, ETC.
Lugar de publicación, distribución, etc. Madrid :
Nombre del editor, distribuidor, etc. Magisterio Español,
Fecha de publicación, distribución, etc. 1968.
300 ## - DESCRIPCIÓN FÍSICA
Extensión 422 p. :
Otras características físicas il. ;
Dimensiones 23 cm.
650 #4 - PUNTO DE ACCESO ADICIONAL DE MATERIA--TÉRMINO DE MATERIA
Término de materia o nombre geográfico como elemento de entrada Matemáticas-
Subdivisión de forma Problemas
9 (RLIN) 14830
650 #4 - PUNTO DE ACCESO ADICIONAL DE MATERIA--TÉRMINO DE MATERIA
Término de materia o nombre geográfico como elemento de entrada Física-
Subdivisión de forma Problemas.
9 (RLIN) 12885
700 1# - ENTRADA AGREGADA--NOMBRE PERSONAL
Nombre de persona Ríos, Sixto,
Fechas asociadas al nombre 1913-2008
9 (RLIN) 97375
852 ## - LOCALIZACIÓN
Ubicación ES-MaACL
Número de control de estantería E-7652
Holdings
Estatus retirado Estado de pérdida Estado de daño No para préstamo Biblioteca de origen Biblioteca actual Ubicación en estantería Fecha de adquisición Fuente de adquisición Total de préstamos Signatura topográfica completa Código de barras Visto por última vez Precio de reemplazo Tipo de ítem Koha
        Biblioteca del Ateneo de Madrid Biblioteca del Ateneo de Madrid Depósito 2 17/01/2008     E-7652 1133259 23/02/2023 23/02/2023 Libro impreso